000 01100nam a22002057a 4500
999 _c59750
_d59750
003 Ge_BSU
005 20230410150045.0
008 230410s2002 ge ||||| |||| 00| 0 geo d
041 _ageo
080 _a94(3)(063) ძ-49
245 _aძველი ისტორია :
_b[კრებული]. კრ. 2 /
_cრედ.: გ. ქავთარია ; თსუ-ს ძვ. მსოფლიოს ისტ. კათედრა.
264 _aთბილისი :
_bთბილ. უნ-ტის გამ-ბა,
_c2002.
300 _a155 გვ. :
_bილ.;
_c21 სმ.
500 _aპარალ სათ. რუს და ინგლ. ენ
520 _aრეზ. ინგლ.
653 _aძველი მსოფლიოს ისტორია
700 _aქავთარია, გ.
_eრედაქტორი.
_917549
710 _aთბილისის სახელმწიფო უნივერსიტეტი.
_bძველი მსოფლიოს ისტორიის კათედრა.
_917550
942 _2udc
_cBK